00639cam a2200193 a 450000500170000000800410001701000140005802000270007203500130009903700130011204000080012524501330013326000430026627000440030930000260035350000190037970000240039870000230042220091121122244.0000504s2000 nik 000 0 eng d aENG-95555 a9788170005407c950.00  aEN-79088 bDBAD/PUB aDPL aEvaluating Networked Information Servicescedited by Charles R. R. Mcclure and John Carlo BertotbTechniques, Policy, and Issues aNew DelhibEss Ess Publications c2009 a4837/24, Ansari RoadbNew Delhie110002 axx, 244p.c22 cm.(Hb) aIncludes Index aMcclure, Charles R. aBertot, John Carlo